[Event "88th GER-ch Men 2017"]
[Site "Apolda"]
[Date "2017.06.30"]
[Round "8"]
[White "Middelhoff, Cornelius"]
[Black "Tonndorf, Matthias"]
[Result "1/2-1/2"]
[WhiteElo "2131"]
[BlackElo "2256"]
[Annotator "TA"]
[PlyCount "131"]
[EventDate "2017.??.??"]
[EventType "swiss"]
[EventCountry "GER"]
[SourceTitle "playchess.com"]
[Source "ChessBase"]
[SourceQuality "1"]

{[%evp 19,131,72,73,66,129,139,130,106,154,135,140,105,130,113,198,61,61,60,70,68,84,74,85,58,108,71,72,39,34,45,104,110,129,120,121,126,127,134,152,145,168,164,169,168,199,200,236,229,215,228,193,161,396,403,400,397,379,312,324,315,514,375,370,318,276,215,189,203,181,113,108,102,111,118,156,154,178,156,158,148,152,106,129,90,137,157,198,158,205,208,206,225,241,143,210,181,863,793,851,783,510,0,0,0,0,0,0,0,0,0,0,0,0,0]} 1. d4 Nf6 2. c4 e6 3. Nc3 Bb4 4. Qc2 c5 5. dxc5 Na6 {[%cal Bb8a6,Ba6c5,Bc5e4][%mdl 32]} 6. a3 Bxc3+ 7. Qxc3 Nxc5 8. b4 Nce4 9. Qb2 d5 10. c5 d4 11. e3 {E38: Nimzo-Indian: Classical: 4...c5} e5 (11... dxe3 $14 12. Bxe3 O-O) 12. Nf3 $16 O-O 13. Nxe5 {White is better.} dxe3 $146 ({Predecessor:} 13... Nc3 14. Bc4 Be6 15. Bxe6 fxe6 16. O-O Nfe4 17. exd4 Qxd4 18. Nf3 Qd3 {1-0 (26) Krysa,L (2474)-Cubas,J (2467) Asuncion 2015}) 14. Bxe3 Nd5 15. Rd1 Nec3 16. Rd3 $1 {[%cal Rd3c3]} Qf6 (16... Re8 $16) 17. Rxc3 (17. Bd4 $18 Na4 18. Qb3) 17... Qxe5 $14 18. Rb3 Qe4 19. Qb1 Qxb1+ 20. Rxb1 Re8 21. Bb5 Re7 22. Rb3 Be6 {And now ...Nc7 would win.} 23. Rd3 Nc7 24. Ba4 $1 h6 (24... a5 $14) 25. Bb3 $16 Bf5 26. Rd2 a5 27. O-O axb4 28. axb4 Ra3 29. Bc4 Ra4 30. Rd8+ Kh7 31. Bd2 $1 Na6 32. Bb5 Ra2 33. g4 Bxg4 34. Bd3+ $1 f5 35. Bc4 $36 {[%mdl 2048] White has strong initiative.} Ra3 $2 (35... Rxd2 36. Rxd2 Nxb4) 36. b5 $18 Nc7 37. c6 Ra8 38. Rxa8 Nxa8 39. Bb4 Re8 $2 (39... Rc7 40. Ra1 bxc6) 40. cxb7 Nb6 41. Be6 Rb8 42. Kg2 Rxb7 43. f3 Bh5 44. Bxf5+ (44. Rd1 $18) 44... Bg6 $16 45. Bxg6+ $1 Kxg6 {[%mdl 4096] Endgame [#] KRB-KRN} 46. Rb1 $1 Kf5 47. Bc5 Nd5 48. Bd4 Ke6 49. Kf2 Kd6 50. Ke2 Nf4+ 51. Kd2 Kd5 52. Be3 Ne6 53. Kd3 g5 54. b6 Nd8 55. Rb5+ Kd6 56. h4 (56. Kc4 $18) 56... gxh4 (56... Nf7 $16 {was worth a try.} 57. hxg5 hxg5) 57. Rh5 $18 ({Don't play} 57. Bxh6 $6 Kc6 $16) 57... Nf7 $2 (57... Rh7 58. Rxh4 Kc6) 58. Bf4+ Kd7 {[#]} 59. Bc7 $1 Ng5 60. Rxh4 $2 ({White must play} 60. Rxh6 $18 Nxf3 61. Rd6+ Ke8 62. Ke4 Ng5+ 63. Kd5) 60... Nxf3 $11 {The position is equal.} 61. Rxh6 Ng5 $1 62. Rd6+ (62. Bh2 $5 {[%cal Rd3c4]} Nf7 63. Rg6 $16) 62... Ke7 63. Rd8 Ne6 64. Rb8 Rxb8 65. Bxb8 Kd7 66. Kc4 {Precision: White = 69%, Black = 43%.} 1/2-1/2

[Event "88th GER-ch Men 2017"]
[Site "Apolda"]
[Date "2017.06.30"]
[Round "8"]
[White "Dobierzin, Olaf"]
[Black "Schmitt, Philipp"]
[Result "0-1"]
[WhiteElo "2020"]
[BlackElo "2174"]
[Annotator "TA"]
[PlyCount "62"]
[EventDate "2017.??.??"]
[EventType "swiss"]
[EventCountry "GER"]
[SourceTitle "playchess.com"]
[Source "ChessBase"]
[SourceQuality "1"]

{[%evp 23,62,0,17,0,25,0,10,0,0,0,73,72,71,69,103,18,50,0,0,0,37,0,0,-139,-130,-448,-440,-727,-720,-742,-729,-1672,-1591,-1276,-634,-10514,-6442,-29986,-29987,-29997,-29998]} 1. e4 e6 2. d4 d5 3. e5 c5 4. c3 Qb6 5. Nf3 Nc6 6. a3 Nh6 7. b4 cxd4 8. cxd4 Nf5 9. Be3 f6 10. exf6 gxf6 11. Bd3 Nxe3 12. fxe3 Bd7 13. O-O {C02: French: Advance Variation} Bh6 14. Qe2 O-O-O 15. Nc3 {[%cal Bb1c3,Bc3a4,Ba4c5][%mdl 32] Hoping for Na4.The position is equal.} Kb8 16. Kh1 (16. Qf2 Ne7 17. Rae1 Ka8 {0-1 (72) Acs,P (2602)-Robson,R (2562) Paks 2010}) 16... Rc8 {[#]} (16... Ne7 $11) 17. Na4 $1 $16 {[%cal Ra4b6]} Qc7 $146 ({Predecessor:} 17... Qd8 18. Nc5 Qe7 19. e4 Qg7 20. e5 f5 {0-1 (49) Popov,K-Rudakov,A (1950) Kislovodsk 2010}) 18. Nc5 Qd6 19. Rfc1 (19. e4 $16) 19... Rc7 20. Rc3 (20. b5 {seems wilder.} Ne7 21. a4 e5 22. a5 e4 23. b6) 20... e5 21. Nxd7+ Rxd7 22. Bf5 (22. Nh4 $5 {[%cal Rh4f5]} Bxe3 23. Rxc6 (23. Qxe3 exd4 24. Rxc6 dxe3 $11) (23. Nf5 Nxd4 24. Qxe3 Nxf5 $17) 23... Qxc6 24. Qxe3 $11) 22... Rc7 {aiming for ...e4.} 23. Qc2 {[#]} (23. Qe1 $11) 23... e4 $1 $17 {[%cal Re4f3]} 24. Rc1 $2 {[%mdl 8192]} (24. Nh4 $17 {is more resistant.}) 24... exf3 $19 25. b5 {[#]} (25. Qd2 $142 fxg2+ 26. Qxg2) 25... Nxd4 $1 26. exd4 Bxc1 27. Qxc1 Rxc3 28. Qxc3 fxg2+ (28... Qf4 $142 29. Kg1 f2+ 30. Kf1 Re8) 29. Kxg2 {KQR-KQB} Rg8+ 30. Kh1 Qf4 {[%cal Rf4f1]} 31. Bh3 Qe4+ {Precision: White = 13%, Black = 51%.} 0-1

[Event "88th GER-ch Men 2017"]
[Site "Apolda"]
[Date "2017.07.01"]
[Round "9"]
[White "Meier, Georg"]
[Black "Svane, Rasmus"]
[Result "0-1"]
[WhiteElo "2636"]
[BlackElo "2577"]
[Annotator "TA"]
[PlyCount "88"]
[EventDate "2017.??.??"]
[EventType "swiss"]
[EventCountry "GER"]
[SourceTitle "playchess.com"]
[Source "ChessBase"]
[SourceQuality "1"]

{[%evp 9,88,0,22,30,26,22,29,21,21,22,24,19,32,21,33,25,25,-4,18,18,6,-12,26,23,42,40,155,147,122,148,116,150,145,137,154,133,116,20,36,41,30,30,42,0,0,0,0,0,-1,-16,-17,-35,-26,-44,-14,-73,-73,-107,-115,-123,-135,-116,-123,-142,-154,-147,-146,-266,-263,-266,-245,-254,-252,-312,-303,-301,-296,-276,-247,-235,-246]} 1. Nf3 d5 2. c4 e6 3. d4 Nf6 4. g3 Bb4+ 5. Bd2 Bd6 (5... Be7 6. Bg2 O-O 7. O-O Nbd7 8. a4 a5 9. Qc2 c6 10. Rc1 Ne4 11. Ne1 Nd6 12. Na3 b6 13. cxd5 cxd5 14. Qb3 Ba6 15. Nb5 Rc8 {½-½ (32) Aronian,L (2793)-Anand,V (2786) Stavanger 2017}) 6. Bg2 {E01: Catalan: Early deviations} O-O 7. O-O Nbd7 8. c5 {White has an edge.} Be7 9. Nc3 Ne4 10. b4 f5 11. Qc2 Bf6 $146 ({Predecessor:} 11... Nxd2 12. Nxd2 c6 {½-½ (48) Ponfilenok,V (2396)-Predke,A (2491) Togliatti 2014}) 12. e3 $36 {[%mdl 2048] White has the initiative.} c6 13. Rab1 g5 14. Rfd1 Qe7 15. Be1 Bg7 16. b5 g4 17. Nh4 e5 (17... Nxc3 $14 18. Bxc3 Bf6) 18. bxc6 $16 bxc6 {[#]} 19. Nxf5 $1 {[%mdl 512]} Rxf5 20. Nxe4 dxe4 21. Bxe4 Rf6 22. d5 $1 {[%cal Rd5c6]} ({Much weaker is} 22. Bxh7+ $6 Kh8 $11) 22... Qxc5 23. dxc6 (23. Qd3 $1 $16 Qd6 24. dxc6 Qxd3 25. Rxd3) 23... Qxc2 $11 24. Bxc2 Nb6 $1 ({Avoid the trap} 24... Rxc6 $2 25. Be4 $18) 25. Rd8+ Rf8 $1 {[%cal Rf8d8]} 26. Bb3+ Kh8 $1 27. Rbd1 Bf5 28. c7 Bf6 29. Rxf8+ Rxf8 30. Bb4 Rc8 31. Bd6 Bd7 32. Rc1 (32. h3 $11 {keeps the balance.}) 32... Kg7 $17 33. Rc5 Re8 $1 34. Ra5 {[#]} Nc8 $1 {[%cal Rc8d6]} 35. Bc5 Be7 36. a4 Bxc5 37. Rxc5 Kf6 38. a5 {[#]} (38. e4 $17 {was called for.}) 38... e4 $1 $19 39. Rd5 Re7 40. Bc2 Bf5 ({Not} 40... Bc6 41. Rc5 $17) 41. Rc5 Re5 42. Rc6+ Ke7 43. a6 Re6 44. Rc5 Kf6 {Precision: White = 49%, Black = 68%.} 0-1

[Event "88th GER-ch Men 2017"]
[Site "Apolda"]
[Date "2017.07.01"]
[Round "9"]
[White "Huschenbeth, Niclas"]
[Black "Nisipeanu, Liviu-Dieter"]
[Result "1/2-1/2"]
[WhiteElo "2586"]
[BlackElo "2683"]
[Annotator "TA"]
[PlyCount "61"]
[EventDate "2017.??.??"]
[EventType "swiss"]
[EventCountry "GER"]
[SourceTitle "playchess.com"]
[Source "ChessBase"]
[SourceQuality "1"]

{[%evp 10,61,27,11,27,21,20,19,26,10,19,14,9,0,0,3,17,15,14,7,17,12,11,15,23,9,16,6,17,20,19,18,28,0,0,0,0,-12,0,-14,-6,0,0,-20,0,-13,0,-8,0,-32,0,0,0,-22]} 1. e4 e6 2. d4 d5 3. Nd2 c5 4. Ngf3 cxd4 5. exd5 Qxd5 6. Bc4 Qd7 {C07: French Tarrasch: 3...c5, 4 Ngf3 and 4 exd5 Qxd5} (6... Qd6 7. O-O Nf6 8. Nb3 Nc6 9. Nbxd4 Nxd4 10. Qxd4 Qxd4 11. Nxd4 Bd7 12. Be2 Bc5 13. Rd1 Rc8 14. c4 O-O 15. Be3 e5 16. Nc2 Bf5 17. Bxc5 Rxc5 18. Ne3 Be6 19. b4 Rc7 20. c5 Ne4 21. Rac1 Rfc8 22. Bf3 Nf6 23. Bd5 Nxd5 24. Nxd5 Bxd5 25. Rxd5 f6 26. Rcd1 {½-½ (26) Anand,V (2786)-So,W (2812) Stavanger 2017}) 7. O-O Nc6 8. Nb3 a6 9. a4 Be7 $146 ({Predecessor:} 9... Nf6 10. Qe2 Bd6 11. Rd1 e5 12. Nxe5 Bxe5 13. f4 Qe7 14. fxe5 {½-½ (30) Mista,A (2593)-Bartel,M (2640) Poland 2016}) 10. Qe2 Qc7 11. Nbxd4 Nxd4 12. Nxd4 Nf6 13. Bg5 O-O 14. Rfe1 Bd7 15. c3 Nd5 16. Bxe7 Nxe7 17. Bd3 Nd5 18. g3 (18. Bc2 {is interesting.} Rfd8 19. Rad1 Bc6 20. g3 a5 21. Rd2) 18... a5 19. Be4 Nf6 20. Bf3 Rac8 21. Qe5 (21. Nb5 {is more complex.} Bxb5 22. axb5 Rfd8 23. Rad1 h6 24. Kg2) 21... Qxe5 22. Rxe5 b6 23. Ra3 Rfd8 (23... h5 $5) 24. Kf1 Be8 25. Re1 Rd6 26. Nb5 Rdd8 (26... Bxb5+ $5 27. axb5 g6 $11) 27. Raa1 Kf8 (27... Bxb5+ $5 28. axb5 Rd2 $11) 28. Nd4 Rd6 29. Nb5 Rdd8 30. Nd4 Rd6 31. Nb5 {Precision: White = 49%, Black = 44%.} 1/2-1/2

[Event "88th GER-ch Men 2017"]
[Site "Apolda"]
[Date "2017.07.01"]
[Round "9"]
[White "Bischoff, Klaus"]
[Black "Donchenko, Alexander"]
[Result "1/2-1/2"]
[WhiteElo "2504"]
[BlackElo "2573"]
[Annotator "TA"]
[PlyCount "77"]
[EventDate "2017.??.??"]
[EventType "swiss"]
[EventCountry "GER"]
[SourceTitle "playchess.com"]
[Source "ChessBase"]
[SourceQuality "1"]

{[%evp 9,77,-55,-14,-10,8,-18,-15,-12,-10,-15,18,24,17,12,38,32,16,25,48,6,34,4,7,7,2,0,31,28,36,18,21,21,21,22,33,27,35,26,48,64,55,45,52,49,46,31,45,50,47,47,33,40,77,77,79,70,76,77,68,0,68,69,68,77,69,0,0,0,76,0]} 1. Nf3 c5 2. b3 g6 3. Bb2 Nf6 {[%cal Bg8f6,Bf6d5,Bd5c3][%mdl 32]} 4. e4 Bg7 5. e5 Nd5 (5... Nh5 {seems wilder.} 6. d4 cxd4 7. Qxd4 d6 8. Nbd2 O-O) 6. Nc3 {A05: Réti Opening: 1 Nf3 Nf6} Nxc3 7. Bxc3 (7. dxc3 {is more complex.} Nc6 8. Qd5 Qa5 9. O-O-O O-O 10. b4) 7... O-O 8. Bd3 {The position is equal.} d5 9. exd6 $1 Bxc3 10. dxc3 Qxd6 11. Be4 $146 ({Predecessor:} 11. O-O Nc6 {1-0 (51) Maksimovic,B (2388)-Velimirovic,D (2563) Belgrade 1999}) 11... Qe6 (11... Re8 {looks sharper.} 12. Qc1 Nd7 13. Qh6 Nf6 14. Ng5 e5) 12. Qd5 Qxd5 13. Bxd5 Nd7 14. Nd2 Rb8 (14... Nf6 $5 {[%cal Rf6d5]} 15. Bf3 Rb8 $11) 15. h3 Nf6 16. Bf3 b6 17. O-O-O Bb7 18. Rhe1 e6 19. Kb2 Bxf3 20. Nxf3 Rfd8 21. Ne5 Rbc8 22. a4 Kf8 23. a5 bxa5 24. Rxd8+ Rxd8 $11 {[%mdl 4096] Endgame KRN-KRN} 25. Ra1 Rd2 26. Rxa5 Rxf2 27. Rxa7 {Black must now prevent b4.} Nd5 28. Nd7+ Ke8 29. Nxc5 Ne3 30. b4 {[%cal Bb3b4,Bb4b5][%mdl 32]} Rxc2+ 31. Kb3 Rxg2 32. b5 {[#] Strongly threatening b6.} Rg5 33. Rc7 {[%mdl 1024] Threatens to win with b6. White has strong compensation.} Nd5 34. Rc8+ Ke7 35. c4 Rg3+ 36. Ka2 $1 Rg2+ 37. Kb3 (37. Ka3 $5 {[%cal Rc4d5]} Rg3+ 38. Ka2 Rg2+ 39. Ka3 Rg3+ 40. Ka2 $11) 37... Rg3+ 38. Ka2 Rg2+ $1 {[#]} 39. Kb3 {Precision: White = 59%, Black = 72%.} (39. Ka3 $1 $16 Rg3+ 40. Ka2) 1/2-1/2

[Event "88th GER-ch Men 2017"]
[Site "Apolda"]
[Date "2017.07.01"]
[Round "9"]
[White "Meister, Jakob"]
[Black "Keymer, Vincent"]
[Result "1/2-1/2"]
[WhiteElo "2433"]
[BlackElo "2411"]
[Annotator "TA"]
[PlyCount "126"]
[EventDate "2017.??.??"]
[EventType "swiss"]
[EventCountry "GER"]
[SourceTitle "playchess.com"]
[Source "ChessBase"]
[SourceQuality "1"]

{[%evp 20,126,-10,-21,-8,-8,-11,-8,74,-20,-17,-14,-6,0,-8,-8,0,-18,31,20,25,49,38,53,65,68,62,64,86,27,118,50,50,26,43,0,60,50,81,80,227,218,221,223,219,215,368,104,386,187,1058,1031,1248,261,298,204,178,85,98,93,93,93,97,90,140,133,109,122,218,212,209,71,95,0,0,0,0,0,0,0,0,0,0,0,0,0,0,0,0,0,0,0,0,-7,0,0,0,0,0,0,0,0,0,0,0,0,0,0,0]} 1. c4 c6 2. e4 d5 3. exd5 cxd5 4. d4 Nf6 5. Nc3 Nc6 6. Bg5 e6 7. Nf3 Be7 8. Bd3 dxc4 9. Bxc4 O-O 10. O-O a6 11. a4 Qa5 {D40: Queen's Gambit Declined: Semi-Tarrasch with 5 e3} (11... b6 12. Qd2 Bb7 13. Rad1 Na5 14. Ba2 Ne4 15. Nxe4 Bxe4 16. Bxe7 Qxe7 17. Ne5 Qb7 18. d5 Bxd5 19. Bxd5 exd5 20. Qxd5 {1-0 (68) Andersson,T (2408)-Ahlander,B (2425) Fredericia 2017}) 12. Qd2 Rd8 13. Rfd1 b6 $146 (13... h6 $11 14. Bf4 Bc5) ({Predecessor:} 13... Bd7 14. Qe2 Be8 15. Bxf6 Bxf6 16. d5 exd5 17. Nxd5 Rd6 18. h3 h6 19. Ra3 {1-0 (28) Horowitz,I-Steiner,H Havana 1952}) 14. Bf4 (14. Qe2 $16 Qf5 15. d5 $1 {[%mdl 512]}) 14... Bb7 $11 15. Qe2 Qf5 16. Bc7 Rdc8 17. Bxb6 {Black must now prevent d5.} Nb4 18. Bd3 Qh5 19. Ne5 Qg5 {[%csl Gb7][%cal Rg5g2]} 20. Ne4 Nxe4 21. Bxe4 Rc2 22. Qf3 Bxe4 23. Qxe4 Rac8 24. Bc5 ({Better is} 24. Qb7 $16) 24... h6 (24... Bxc5 $11 {keeps the balance.} 25. dxc5 a5) 25. Bxb4 ({White should play} 25. Qb7 $16 R8xc5 26. dxc5) 25... Bxb4 $14 26. Nd3 Bd6 27. b4 Qh5 (27... R8c4 $11) 28. h3 R8c4 29. Rab1 Bc7 (29... Re2 $16 {was necessary.} 30. Qa8+ Kh7) 30. b5 $1 $18 axb5 31. axb5 Bb6 32. Ne5 Rc7 $2 {[#]} (32... f5 33. Qa8+ Rc8) 33. Ra1 $2 (33. Nd7 $1 $18 {[%mdl 512] and the rest is easy.}) 33... f6 $2 {[%mdl 8192] [#]} (33... Qf5 $16 {keeps fighting.} 34. Qxf5 exf5) 34. Nc6 (34. Nd7 $142 $1 {[%mdl 512]}) 34... Re2 $2 (34... Qe2 35. Qg6 Ra2 36. Rxa2 Qxa2 37. Qe8+ Kh7) 35. Qd3 Rb2 36. Rdb1 $2 (36. Ra8+ Kf7 37. Nd8+ Ke7 38. Re1 Qxb5 39. Qe4) 36... Qe2 37. Qxe2 Rxe2 38. Re1 (38. Ra8+ $18 Kf7 39. Rb8) 38... Rb2 $16 39. Rab1 Rxb1 40. Rxb1 {[%mdl 4096] Endgame KRB-KRN} Rd7 41. Kf1 Kf7 42. Ke2 h5 43. f4 h4 (43... Rd5 $16 {was worth a try.}) 44. Kd3 $18 Kg6 {[#]} 45. Ke4 (45. Ra1 $1 $18 {and White stays clearly on top.}) 45... Kf7 $16 46. Rb4 (46. f5 $16) 46... Rd5 $1 $11 {The position is equal.} 47. Kd3 {aiming for Kc4.} Rf5 $1 48. Kc4 Rxf4 49. Ra4 e5 $1 50. Ra6 Bxd4 $1 51. Nxd4 Rxd4+ {KR-KR} 52. Kc5 {Threatens to win with b6.} Rd2 53. Ra7+ Ke6 {Hoping for ...Rc2+.} 54. Rxg7 Rc2+ 55. Kb4 e4 56. Rg8 f5 57. b6 Kd7 (57... Kf7 $5 {[%cal Rf7g8]} 58. Rb8 (58. Kb3 Rc1 $11) 58... e3 $11) 58. Kb3 Rc5 59. Rg7+ Kc6 60. b7 Rb5+ 61. Kc4 {Strongly threatening Rg6+.} Rxb7 62. Rg6+ Kd7 63. Rf6 Rb2 {Precision: White = 47%, Black = 37%.} 1/2-1/2

[Event "88th GER-ch Men 2017"]
[Site "Apolda"]
[Date "2017.07.01"]
[Round "9"]
[White "Kalinitschew, Sergey"]
[Black "Kollars, Dmitrij"]
[Result "0-1"]
[WhiteElo "2423"]
[BlackElo "2511"]
[Annotator "TA"]
[PlyCount "56"]
[EventDate "2017.??.??"]
[EventType "swiss"]
[EventCountry "GER"]
[SourceTitle "playchess.com"]
[Source "ChessBase"]
[SourceQuality "1"]

{[%evp 18,56,-19,-30,-12,-50,0,-66,-23,-36,-22,-66,-48,-75,-85,-100,-53,-81,-89,-100,-110,-96,-105,-88,-64,-86,0,0,0,0,0,-35,-50,-280,-303,-673,-649,-877,-890,-1143,-135]} 1. d4 d5 2. c4 e6 3. Nc3 Bb4 4. e3 Nf6 5. cxd5 exd5 6. Bd3 O-O 7. Nge2 Re8 8. O-O Bd6 9. f3 c5 10. Bd2 {LiveBook: 6 Games. E48: Nimzo-Indian: Rubinstein: 5 Bd3 d5 including 6 Ne2, but excluding 6 a3} (10. Nb5 Bf8 11. dxc5 Bxc5 12. Nbd4 Nc6 13. Bd2 Qb6 14. Kh1 Nxd4 15. exd4 Bxd4 16. Nxd4 Qxd4 17. Bc3 Qf4 {½-½ (89) Gelfand,B (2736)-Carlsen,M (2714) Moscow 2007}) 10... b6 11. Rc1 $146 ({Predecessor:} 11. a3 Ba6 12. Bxa6 Nxa6 13. Nb5 Bf8 14. Nf4 Nc7 15. Nxc7 Qxc7 16. g3 Bd6 17. Ne2 Re7 18. Rf2 Rae8 19. Rc1 {½-½ (47) Cvitan,O (2410)-Sunye Neto,J (2480) Zuerich 1983}) 11... Ba6 12. Bb1 ({Better is} 12. Bxa6 $11 Nxa6 13. Nb5) 12... Nbd7 13. Rf2 Nf8 14. g4 Ne6 15. Kg2 Rc8 $36 {[%mdl 2048] Black is on the roll.} 16. Qa4 Bc4 (16... Bb7 {is interesting.} 17. Kh1 a6 18. Rg2 b5 19. Qd1 Nd7) 17. b3 cxd4 18. exd4 Bxe2 $1 19. Nxe2 Rxc1 20. Bxc1 Qb8 $1 21. h4 b5 (21... Bh2 $17 22. Bf5 g6 23. Bxe6 Rxe6) 22. Qa5 $1 $11 Bf4 23. Nxf4 Nxf4+ 24. Kf1 Ne6 {...Qg3 is the strong threat.} 25. Bg5 $2 {[#]} ({White should try} 25. Kg2 $15) 25... Qg3 $1 $19 ({Not} 25... Nxd4 26. Bxf6 gxf6 27. f4 $15) 26. Qd2 $2 (26. Bxf6 gxf6 27. Qe1) 26... Qh3+ {Black is clearly winning.} 27. Kg1 {[#]} Nxd4 $1 {[%mdl 512]} 28. Bxf6 (28. Qxd4 Re1+) 28... Nxf3+ $2 {Precision: White = 21%, Black = 62%.} (28... gxf6 $19 29. Bxh7+ Kxh7 30. Qd3+ Kg7) 0-1

[Event "88th GER-ch Men 2017"]
[Site "Apolda"]
[Date "2017.07.01"]
[Round "9"]
[White "Hoefelsauer, Thomas"]
[Black "Buhmann, Rainer"]
[Result "1/2-1/2"]
[WhiteElo "2395"]
[BlackElo "2590"]
[Annotator "TA"]
[PlyCount "86"]
[EventDate "2017.??.??"]
[EventType "swiss"]
[EventCountry "GER"]
[SourceTitle "playchess.com"]
[Source "ChessBase"]
[SourceQuality "1"]

{[%evp 15,86,40,52,50,48,51,36,33,35,53,53,29,50,54,39,25,59,52,64,60,48,51,68,37,40,39,35,31,104,92,150,105,97,17,52,32,28,5,5,5,5,0,10,-133,72,72,72,63,72,72,60,58,72,72,72,64,72,72,72,72,72,72,72,72,72,72,87,50,50,50,50,37,50]} 1. d4 Nf6 2. Nf3 d5 3. c4 e6 4. g3 dxc4 5. Bg2 c6 6. Ne5 Bb4+ 7. Bd2 {E04: Open Catalan: 5 Nf3} Be7 (7... Qxd4 8. Bxb4 Qxe5 9. Na3 b5 10. Bc3 Qc5 11. Bd4 Qb4+ 12. Bc3 Qc5 13. Bd4 Qb4+ 14. Bc3 Qc5 {½-½ (14) Grischuk,A (2795)-Kramnik,V (2760) Moscow 2014}) 8. e3 b5 {LiveBook: 3 Games} 9. Nxc6 $146 ({Predecessor:} 9. a4 b4 10. O-O Ba6 11. Re1 O-O 12. Qc1 Re8 13. Rd1 Qc7 14. Nxc4 Nbd7 {½-½ (46) Buhmann,R (2606)-Harikrishna,P (2672) Germany 2011}) 9... Nxc6 10. Bxc6+ Bd7 11. Bxa8 Qxa8 12. f3 e5 13. O-O exd4 14. exd4 O-O 15. a3 Nd5 16. Nc3 Bf6 17. Nxd5 Qxd5 18. Bc3 Bf5 19. Qd2 Bd3 20. Rf2 h5 21. Re1 h4 (21... a5 $14) 22. Qf4 $1 $16 a5 (22... h3 $142) 23. Kg2 Ra8 24. g4 (24. gxh4 $16 Qh5 25. Rd2) 24... Kh7 25. g5 Bxg5 26. Re5 (26. Qe5 $5 {[%cal Re5d5]} Rd8 27. Bxa5 $14) 26... Bxf4 27. Rxd5 Be3 28. Rxb5 h3+ 29. Kg3 (29. Kg1 $1 $11 {was the only way to keep the balance.}) 29... Ra6 $2 {[#]} (29... f5 $1 $17 {Hoping for ...Ra6.} 30. Rd2 Ra6 31. Rxd3 (31. Rxa5 {is a self mate.} Rg6+ 32. Kh4 Bf4 33. Ra6 Rxa6 34. Kxh3 Bf1+ 35. Kh4 Rh6#) 31... cxd3 32. Rxa5 Rxa5 33. Bxa5 Kg6 34. Kxh3 d2 35. Bxd2 Bxd2) 30. Rh5+ $1 Kg8 {[#] ( -> ...Rg6+)} 31. f4 $1 Rg6+ 32. Rg5 $1 Bxf2+ 33. Kxf2 Rxg5 34. fxg5 {[%mdl 4096] Endgame KB-KB} a4 35. Kg3 Bf1 36. d5 Kf8 37. Kf4 Ke7 38. Bb4+ Kd7 39. Bf8 Bg2 40. Ke5 f6+ 41. Kd4 fxg5 {White is slightly better.} 42. Bxg7 Bf3 43. Kxc4 Bd1 {Precision: White = 65%, Black = 44%.} 1/2-1/2

[Event "88th GER-ch Men 2017"]
[Site "Apolda"]
[Date "2017.07.01"]
[Round "9"]
[White "Langheinrich, Ferenc"]
[Black "Jugelt, Tobias"]
[Result "1/2-1/2"]
[WhiteElo "2363"]
[BlackElo "2431"]
[Annotator "TA"]
[PlyCount "80"]
[EventDate "2017.??.??"]
[EventType "swiss"]
[EventCountry "GER"]
[SourceTitle "playchess.com"]
[Source "ChessBase"]
[SourceQuality "1"]

{[%evp 15,80,40,55,50,52,48,52,39,54,53,58,22,23,19,95,103,91,90,90,95,106,103,142,166,166,162,136,136,149,8,0,-8,-11,-2,-6,-18,-17,-30,-19,-19,0,0,0,0,0,-23,-17,-17,-25,-23,-22,-22,-8,-20,0,0,0,0,0,0,0,0,0,-8,0,0,63]} 1. d4 Nf6 2. c4 d6 3. Nc3 Nbd7 4. Nf3 e5 5. Qc2 Be7 6. g3 O-O 7. Bg2 c6 8. O-O a5 {LiveBook: 3 Games. A54: Old Indian Defence with Nf3, but without e4} (8... Re8 9. Rd1 Bf8 10. e4 b6 11. h3 Qc7 12. Be3 Bb7 13. Rac1 Rac8 14. d5 a6 15. Qb1 Qb8 16. a4 h6 17. b4 Be7 18. Nd2 Bd8 19. Bf1 Nf8 20. dxc6 Rxc6 {1-0 (39) Istratescu,A (2639)-Hickl,J (2588) Switzerland 2015}) 9. Rd1 Qc7 10. b3 Re8 {White is slightly better.} 11. Bb2 Bf8 12. e3 g6 13. c5 d5 $146 ({Predecessor:} 13... dxc5 14. dxe5 Ng4 15. Ne4 Bg7 16. Nd6 {0-1 (35) Paval,G (2229)-Stoicescu,H (1909) Sarata Monteoru 2012}) 14. dxe5 Ng4 (14... Nxe5 $11 {keeps the balance.} 15. Nxe5 Rxe5) 15. h3 $36 {[%mdl 2048] Black is under strong pressure.} Ngxe5 16. Nxe5 Nxe5 {[#]} 17. e4 $1 Bxc5 18. exd5 Nf3+ 19. Kh1 Bf5 20. Ne4 $1 {[%cal Re4f6]} Bxe4 21. Qxc5 Qd7 {[%cal Rc6d5] [#]} 22. dxc6 ({Worse is} 22. Qc3 Nd4 $17) ({White must play} 22. d6 $1 $16) 22... Qxc6 $11 23. Qc3 Qxc3 24. Bxc3 a4 25. g4 Rec8 26. Rac1 axb3 27. axb3 h6 28. Bf6 g5 29. Rxc8+ Rxc8 30. Ra1 (30. Rd8+ {is interesting.} Rxd8 31. Bxd8 Nd2 32. Bxe4 Nxe4 33. Bb6) 30... Kh7 31. Bxf3 Bxf3+ {[%mdl 4096] Endgame KRB-KRB} 32. Kh2 Kg6 33. Bd4 {The position is equal.} h5 34. Kg3 Bd5 35. gxh5+ Kxh5 36. Ra5 Rd8 37. f4 Kg6 38. b4 f6 {Hoping for ...Be4.} 39. Be3 Kf5 40. fxg5 Ke5 {Precision: White = 59%, Black = 63%.} (40... fxg5 $11 41. Bc1 b6) 1/2-1/2